Sri sankalpa kalpadrumah (Record no. 1060784)

MARC details
000 -LEADER
fixed length control field 00745nam a2200241Ia 4500
003 - CONTROL NUMBER IDENTIFIER
control field OSt
005 - DATE AND TIME OF LATEST TRANSACTION
control field 20221005131559.0
008 - FIXED-LENGTH DATA ELEMENTS--GENERAL INFORMATION
fixed length control field 221004b |||||||| |||| 00| 0 eng d
020 ## - INTERNATIONAL STANDARD BOOK NUMBER
International Standard Book Number 9781935428015 (pbk)
037 ## - SOURCE OF ACQUISITION
Terms of availability Textual
040 ## - CATALOGING SOURCE
Original cataloging agency CRL
Transcribing agency CRL
Language of cataloging eng
041 ## - LANGUAGE CODE
Source of code eng
Language code of text/sound track or separate title eng
100 ## - MAIN ENTRY--PERSONAL NAME
Personal name Thakur Visvanatha Chakravarti
9 (RLIN) 639827
245 #0 - TITLE STATEMENT
Title Sri sankalpa kalpadrumah
Remainder of title Desire tree of auspicious resolve
260 ## - PUBLICATION, DISTRIBUTION, ETC.
Date of publication, distribution, etc. 2009
650 ## - SUBJECT ADDED ENTRY--TOPICAL TERM
Topical term or geographic name entry element RELIGION
942 ## - ADDED ENTRY ELEMENTS (KOHA)
Classification part Q2216:2, P9
Koha item type Textual
Source of classification or shelving scheme
Holdings
Withdrawn status Lost status Damaged status Not for loan Home library Current library Date acquired Source of acquisition Cost, normal purchase price Total Checkouts Full call number Barcode Date last seen Cost, replacement price Price effective from Koha item type
        Central Library Central Library 2022-10-05 249, 03/10/2011, Eastern Book Linkers 150.00   Q2216:2 P9 CL1431021 2022-10-05 150.00 2022-10-05 Textual
Copyright @ Delhi University Library System